000 01601nam0a2200325 4500
001 RU\NLR\BIBL_A\022704049
005 20260405100747.0
010 _a978-5-7046-3275-7
_950
035 _a(NLR Aleph) 022704049
090 _a13639332
_c13639332
100 _a20260119d2025 k y0rusy50 ca
101 0 _arus
102 _aRU
105 _aa z 000yy
181 0 _ai3
_baxxe
182 0 _an
200 1 _aТеоретические основы и современное состояние разработок электролизеров воды с протонообменной мембраной
_eмонография
_fС. А. Григорьев
_gМинистерство науки и высшего образования Российской Федерации, Национальный исследовательский университет "МЭИ"
203 _aТекст
_bвизуальный
_cнепосредственный
210 _aМосква
_cИзд-во МЭИ
_d2025
215 _a83 с.
_cил., цв. ил., табл.
_d20
320 _aБиблиогр.: с. 78-83 (62 назв.)
606 1 _aВода
_xЭлектролиз
_91269983
_3RU\NLR\AUTH\66204841
606 1 _aПолимерные мембраны
_91537403
_3RU\NLR\AUTH\66670111
686 1 _aЛ352.4
686 1 _aЛ719.505
700 1 _8rus
_7ca
_aГригорьев
_bС. А.
_cканд. техн. наук, электрохимия
_gСергей Александрович
_3RU\NLR\AUTH\7736852
_919841
942 _cBOOK
980 _aNB